1698 1807 1537 1594 1440 1144 1051 1004 1648 1331 1004 1214 1348 1015 1559 1092 1524 1315 1634 1697 1010 1081 1533 1300 1593 1081 1088 1678 1260 1844 1798 1074 1835 1384 1300 1542 1921 1372 1710 1636 1304 1901 1013 1830 1270 1092 1609 1391 1558 1913 1856 1168 1079 1230 1212 1092 1584 1910 1571 1871 1412 1910 1130 1465 1074 1546 1832 1706 1253 1700 1803 1983 1785 1984 1631 1196 1818 1063 1405 1637 1906 1410 1897 1649 1053 1617 1141 1243 1491 1280 1082 1164 1582 1849 1757 1467 1669 1401 1995 BCNSPRNW ULIB Ver.6.0+V

เปลี่ยนเป็นภาษาไทย

Change to English
 แสดงรายละเอียดบรรณานุกรม
  กลับหน้าหลัก

Brief Record : Get Marc (ISO 2709) : E-mail record : QR code < ปิดหน้าต่าง
LEADER : 00000nam 2200000uu 4500
001    13399126620
003     ULIB
008    190124s2561||||th 000 0 tha d
020    ^a9786163983282
060 04 ^aWY106^bศ542ก
100 0  ^aศิวพร อึ้งวัฒนา
245 10 ^aการพยาบาลชุมชน :^bอนามัยครอบครัว อนามัยโรงเรียน อนามัยสิ่งแวดล้อม และอาชีวอนามัย /^cศิวพร อึ้งวัฒนา ,รังสิยา นารินทร์.
250    ^aพิมพ์ครั้งที่ 1
260    ^aเชียงใหม่ :^bโครงการตำรา คณะพยาบาลศาสตร์ มหาวิทยาลัยเชียงใหม่,^c2561.
300    ^aviii, 117 หน้า :^bภาพประกอบ ;^c25 ซม.
650  4 ^aการพยาบาลอนามัยชุมชน
650  4 ^aอนามัยชุมชน, การพยาบาล
650  4 ^aอนามัยครอบครัว
650  4 ^aอนามัยโรงเรียน
700 0  ^aรังสิยา นารินทร์
710 2  ^aมหาวิทยาลัยเชียงใหม่. ^bคณะพยาบาลศาสตร์
945    ^p150^l0^i005933
945    ^p150^l0^i005932
945    ^p150^l0^i005931
945    ^p150^l0^i005930
945    ^p150^l0^i004928
945    ^p150^l0^i004926
945    ^p150^l0^i004925
945    ^p150^l0^i004923
945    ^p150^l0^i004922
945    ^p150^l0^i005929
945    ^p150^l0^i004927
945    ^p150^l0^i004924
999    ^aประนอม เกษจรัล
รายการนี้ยังไม่มีแท็ก
คุณยังไม่ได้ล็อกอิน คุณสามารถมีกิจกรรมร่วมกับเว็บไซต์ได้ แต่ต้องล็อกอินก่อน ::
  ล็อกอิน

รายการสื่อสารสนเทศ

ลำดับที่ ประเภท เลขเรียก/บาร์โค้ด สถานที่ สถานะ
1. Book การพยาบาล
หนังสือสำรอง
สถานะ=หนังสือสำรอง
WY106 ศ542ก ฉ.1 
  Barcode: 004922
ห้องสมุดวิทยาเขตสวรรค์ประชารักษ์
►หนังสือทั่วไป
บนชั้น
2. Book การพยาบาล
Book การพยาบาล
WY106 ศ542ก ฉ.10 
  Barcode: 005931
ห้องสมุดวิทยาเขตสวรรค์ประชารักษ์
►หนังสือทั่วไป
บนชั้น
3. Book การพยาบาล
Book การพยาบาล
WY106 ศ542ก ฉ.11 
  Barcode: 005932
ห้องสมุดวิทยาเขตสวรรค์ประชารักษ์
►หนังสือทั่วไป
บนชั้น
4. Book การพยาบาล
Book การพยาบาล
WY106 ศ542ก ฉ.12 
  Barcode: 005933
ห้องสมุดวิทยาเขตสวรรค์ประชารักษ์
►หนังสือทั่วไป
บนชั้น
5. Book การพยาบาล
Book การพยาบาล
WY106 ศ542ก ฉ.2 
  Barcode: 004923
ห้องสมุดวิทยาเขตสวรรค์ประชารักษ์
►หนังสือทั่วไป
บนชั้น
6. Book การพยาบาล
Book การพยาบาล
WY106 ศ542ก ฉ.3 
  Barcode: 004924
ห้องสมุดวิทยาเขตสวรรค์ประชารักษ์
►หนังสือทั่วไป
บนชั้น
7. Book การพยาบาล
Book การพยาบาล
WY106 ศ542ก ฉ.4 
  Barcode: 004925
ห้องสมุดวิทยาเขตสวรรค์ประชารักษ์
►หนังสือทั่วไป
บนชั้น
8. Book การพยาบาล
Book การพยาบาล
WY106 ศ542ก ฉ.5 
  Barcode: 004926
ห้องสมุดวิทยาเขตสวรรค์ประชารักษ์
►หนังสือทั่วไป
บนชั้น
9. Book การพยาบาล
Book การพยาบาล
WY106 ศ542ก ฉ.6 
  Barcode: 004927
ห้องสมุดวิทยาเขตสวรรค์ประชารักษ์
►หนังสือทั่วไป
ถูกยืม กำหนดส่งวันที่ 18 พฤษภาคม 2569
  จอง
10. Book การพยาบาล
Book การพยาบาล
WY106 ศ542ก ฉ.7 
  Barcode: 004928
ห้องสมุดวิทยาเขตสวรรค์ประชารักษ์
►หนังสือทั่วไป
บนชั้น
11. Book การพยาบาล
Book การพยาบาล
WY106 ศ542ก ฉ.8 
  Barcode: 005929
ห้องสมุดวิทยาเขตสวรรค์ประชารักษ์
►หนังสือทั่วไป
บนชั้น
12. Book การพยาบาล
Book การพยาบาล
WY106 ศ542ก ฉ.9 
  Barcode: 005930
ห้องสมุดวิทยาเขตสวรรค์ประชารักษ์
►หนังสือทั่วไป
บนชั้น

รายการใกล้เคียง
    ผู้แต่ง [ศิวพร อึ้งวัฒนา]

    หัวเรื่อง [การพยาบาลอนามัยชุมชน]
    หัวเรื่อง [อนามัยชุมชน, การพยาบาล]
    หัวเรื่อง [อนามัยครอบครัว]
    หัวเรื่อง [อนามัยโรงเรียน]

BibComment


ยังไม่เคยถูกคอมเมนท์

คอมเมนท์ทรัพยากรรายการนี้
  คอมเมนท์: การพยาบาลชุมชน ..


 Copyright 2026. Bcnsprnw @Library